Growing industries, sick workers: a study of leather tanning industry of Dinddigul from an occupational health perspective (Record no. 53949)

000 -LEADER
fixed length control field 00965pab a2200169 454500
008 - FIXED-LENGTH DATA ELEMENTS--GENERAL INFORMATION
fixed length control field 180718b2002 xxu||||| |||| 00| 0 eng d
100 ## - MAIN ENTRY--PERSONAL NAME
Personal name Nihila, Millie
245 ## - TITLE STATEMENT
Title Growing industries, sick workers: a study of leather tanning industry of Dinddigul from an occupational health perspective
260 ## - PUBLICATION, DISTRIBUTION, ETC.
Date of publication, distribution, etc. 2002
300 ## - PHYSICAL DESCRIPTION
Extent p.134-66.
362 ## - DATES OF PUBLICATION AND/OR SEQUENTIAL DESIGNATION
Dates of publication and/or sequential designation Jan-Jun
520 ## - SUMMARY, ETC.
Summary, etc. This paper is an attempt to question India's development paradigm through a concrete field based study of an export-oriented industry, namely, the leather tanning industry concentrated in Dindigul in South Tamil Nadu. In a nutshell, the study explores the structural nature of employment in the industry and its consequences for the health of workers, given a unique organization of production which evolved over a long period. - Reproduced.
650 ## - SUBJECT ADDED ENTRY--TOPICAL TERM
Topical term or geographic name entry element Leather industry - India - Tamil Nadu
650 ## - SUBJECT ADDED ENTRY--TOPICAL TERM
Topical term or geographic name entry element Leather industry
773 ## - HOST ITEM ENTRY
Main entry heading Review of Development and change
909 ## -
-- 53949
Holdings
Withdrawn status Lost status Damaged status Not for loan Permanent Location Current Location Date acquired Serial Enumeration / chronology Barcode Date last seen Price effective from Koha item type
        Indian Institute of Public Administration Indian Institute of Public Administration 2018-07-19 Volume no: 7, Issue no: 1 AR54394 2018-07-19 2018-07-19 Articles

Powered by Koha